The Towns of Final Fantasy IV - Statistiques

Statistiques générales
  • Ce quiz a été pris 5 fois
  • Le résultat moyen est 5 sur 8
Statistiques - réponses
Hint Réponse % Correct
Kingdom where the story begins; home of Cecil Baron
100%
Town of mages who distrust Cecil at first Mysidia
100%
Village destroyed early in the game by a bomb ring Mist
80%
Desert oasis where Rosa is found sick Kaipo
60%
Village of pigs and frogs; sells rare gear Mythril
60%
Forest city ruled by eight priestesses Troia
60%
Village of astronomers, near a giant crater Agart
40%
Dwarf village deep underground Tomra
40%
Aucun quiz correspondant
Distribution des résultats
% des personnes avec chaque résultat
Percentile par nombre de réponses
Votre historique - résultats
Vous n’avez pas pris ce quiz